00302nam a2200121Ia 4500008004100000041000800041082001400049100001000063245003800073260003800111300002400149365000700173240624s9999 xx 000 0 und d aeng a658.1 ICF aICFAI aMERGERS AND ACQUISITIONS WORKBOOK c2004aHyderabadbICFAI University a308 : p. : cm. ; 26 cRS